concise textbook of Pharmacology (Record no. 8237)
[ view plain ]
| 000 -LEADER | |
|---|---|
| fixed length control field | 00305nam a2200121Ia 4500 |
| 008 - FIXED-LENGTH DATA ELEMENTS--GENERAL INFORMATION | |
| fixed length control field | 191201s2018 xx 000 0 und d |
| 100 ## - MAIN ENTRY--PERSONAL NAME | |
| Personal name | MURUGESH, N |
| 245 #0 - TITLE STATEMENT | |
| Title | concise textbook of Pharmacology |
| 260 ## - PUBLICATION, DISTRIBUTION, ETC. (IMPRINT) | |
| Name of publisher, distributor, etc | Sathya pub |
| Place of publication, distribution, etc | New Delhi |
| Date of publication, distribution, etc | 2018 |
| 300 ## - PHYSICAL DESCRIPTION | |
| Extent | 297 |
| 650 ## - SUBJECT ADDED ENTRY--TOPICAL TERM | |
| Topical term or geographic name as entry element | Pharmacology |
| 942 ## - ADDED ENTRY ELEMENTS (KOHA) | |
| Source of classification or shelving scheme | Dewey Decimal Classification |
| Koha item type | Text Books |
| 942 ## - ADDED ENTRY ELEMENTS (KOHA) | |
| -- | 19 |
| Withdrawn status | Lost status | Source of classification or shelving scheme | Damaged status | Not for loan | Collection code | Home library | Current library | Date acquired | Source of acquisition | Cost, normal purchase price | Bill Number | Total Checkouts | Acc. no. / Barcode | Date last seen | Date last borrowed | Actual Cost, discounted price | Bill Date | Koha item type |
|---|---|---|---|---|---|---|---|---|---|---|---|---|---|---|---|---|---|---|
| Dewey Decimal Classification | Diploma in Pharmacy | PIET C-LIBRARY | PIET C-LIBRARY | 25/03/2019 | Kirti Prakashan | 200.00 | IN 3091 | 4 | DP159 | 18/06/2024 | 11/06/2024 | 150.00 | 12/03/2019 | Text Books | ||||
| Dewey Decimal Classification | Diploma in Pharmacy | PIET C-LIBRARY | PIET C-LIBRARY | 25/03/2019 | Kirti Prakashan | 200.00 | IN 3091 | 5 | DP160 | 15/04/2026 | 31/05/2025 | 150.00 | 12/03/2019 | Text Books | ||||
| Dewey Decimal Classification | Diploma in Pharmacy | PIET C-LIBRARY | PIET C-LIBRARY | 25/03/2019 | Kirti Prakashan | 200.00 | IN 3091 | 9 | DP161 | 04/07/2024 | 19/06/2024 | 150.00 | 12/03/2019 | Text Books | ||||
| Dewey Decimal Classification | Diploma in Pharmacy | PIET C-LIBRARY | PIET C-LIBRARY | 25/03/2019 | Kirti Prakashan | 200.00 | IN 3091 | 7 | DP162 | 28/06/2024 | 19/06/2024 | 150.00 | 12/03/2019 | Text Books |